| 000 | 00607nam a2200181Ia 4500 | ||
|---|---|---|---|
| 008 | 151018s9999 xx 000 0 und d | ||
| 082 |
_bRBASDV47762 _a891.433 |
||
| 100 | _aनर्मदा इंदूरखा | ||
| 245 | _aभीष्म का आशिष | ||
| 250 | _b1 | ||
| 260 |
_bदिनेश साहित्य सदन _c2008 |
||
| 300 | _a16 | ||
| 600 | _aनर्मदा इंदूरखा | ||
| 630 | _aभीष्म का आशिष | ||
| 700 | _aनर्मदा इंदूरखा | ||
| 730 | _aभीष्म का आशिष | ||
| 942 | _cBOOK | ||
| 999 |
_c1046894 _d1046891 |
||